マクドナルドのレギュラーメニュー - Statistics

General Stats
  • This quiz has been taken 497 times
  • The average score is 23 of 69
Answer Stats
Hint Answer % Correct
バーガー チーズバーガー
91%
バーガー ハンバーガー
89%
バーガー ダブルチーズバーガー
84%
バーガー ビッグマック
77%
バーガー フィレオフィッシュ
76%
朝マック フィレオフィッシュ
76%
ドリンク コカ・コーラ
70%
サイドメニュー マックフライポテト
69%
サイドメニュー チキンマックナゲット
66%
バーガー エッグチーズバーガー
60%
バーガー てりやきマックバーガー
56%
バーガー チキンフィレオ
54%
スイーツ マックシェイク
54%
バーガー えびフィレオ
52%
バーガー ベーコンレタスバーガー
50%
バーガー 炙り醤油風 ダブル肉厚ビーフ
49%
ドリンク ファンタ グレープ
48%
バーガー チキンチーズバーガー
47%
ドリンク スプライト
46%
ドリンク Qoo すっきり白ブドウ
46%
バーガー 炙り醤油風 ベーコントマトビーフ
43%
サイドメニュー ハッシュポテト
43%
ドリンク コカ・コーラゼロ
43%
ドリンク ミルク
42%
ドリンク 爽健美茶
39%
スイーツ マックフルーリー
39%
朝マック ソーセージマフィン
37%
ドリンク ミニッツメイド オレンジ
37%
ドリンク ミニッツメイド アップル
37%
バーガー スパイシーチキンバーガー
35%
サイドメニュー えだまめコーン
34%
朝マック ソーセージエッグマフィン
33%
バーガー チキンクリスプ
31%
サイドメニュー シャカチキ
31%
ドリンク ファンタ メロン
31%
マックカフェ マカロン
31%
スイーツ プチパンケーキ
29%
バーガー てりやきチキンフィレオ
27%
スイーツ ソフトツイスト
25%
ドリンク 野菜生活100
25%
ドリンク アールグレイアイスティー
23%
マックカフェ カフェラテ
23%
スイーツ ホットアップルパイ
22%
ドリンク サントリー黒烏龍茶#濃いめ
20%
バーガー スパイシービーフバーガー
19%
朝マック エッグマックマフィン
17%
サイドメニュー サイドサラダ
17%
朝マック ホットケーキ
16%
マックカフェ プレミアムローストコーヒー
16%
朝マック マックグリドルソーセージ
14%
ドリンク ホットティー
14%
スイーツ マックフロート
13%
マックカフェ キャラメルラテ
12%
朝マック メガマフィン
11%
サイドメニュー ヨーグルト
10%
マックカフェ アイスカフェラテ
10%
朝マック マックグリドルソーセージエッグ
9%
朝マック マックグリドルベーコンエッグ
8%
マックカフェ プレミアムローストアイスコーヒー
8%
朝マック ベーコンエッグマックサンド
7%
朝マック ビッグブレックファスト
7%
サイドメニュー ポテナゲ大
7%
サイドメニュー ポテナゲ特大
7%
マックカフェ アイスキャラメルラテ
7%
マックカフェ オレオクッキー チョコフラッペ
7%
マックカフェ マンゴースムージー
7%
朝マック チキンクリスプマフィン
5%
スイーツ ワッフルコーン
5%
朝マック ビッグブレックファストデラックス
3%
No matching quizzes found
Score Distribution
Percent of People with Each Score
Percentile by Number Answered
Your Score History
You have not taken this quiz